Tablice rejestracyjne poszczególnych państw Europy? - Statystyki

Ogólne statystyki
  • Ten quiz został rozwiązany 571 razy
  • Średni wynik to 13 z 15
Statystyki odpowiedzi
Hint Odpowiedź % Poprawnych
PL Polska
100%
CZ Czechy
97%
EST Estonia
97%
FIN Finlandia
97%
DN Dania
96%
RO Rumunia
96%
B Belgia
95%
D Niemcy
91%
A Austria
90%
CY Cypr
88%
HR Chorwacja
87%
S Szwecja
86%
BG Bułgaria
85%
L Litwa
75%
M Malta
64%
Nie znaleziono quizów pasujących do podanych kryteriów
Rozkład punktacji
Procent ludzi z każdym wynikiem
Percentyl według liczby udzielonych odpowiedzi
Twoja historia wyników
Nie rozwiązałeś tego quizu